000 00329nam a22001457a 4500
008 180903b xxu||||| |||| 00| 0 eng d
020 _a9780030136436
041 _aeng
080 _a54
082 _a54 MAS
100 _a12
101 _aKIM
245 _aChemistry Principles&Reactions
_cMasterton.W.L
942 _2udc
_cBK
999 _c47436
_d47436